000 00691nam a2200253 i 4500
001 bgj
245 1 0 _aAutorenlexikon :
_bdeutschsprachiger Literatur des 20. Jahrhunderts /
_chrsg. von Manfred Brauneck.
250 _aWyd. 3
260 _aReinbek bei Hamburg :
_bRowohlt,
_c1988.
300 _a800 s. :
_brys. ;
_c19 cm.
504 _aBibliogr. s. 741-800.
650 9 _aJęzyk niemiecki
650 9 _aLiteratura niemiecka
655 _aSłowniki
700 1 _aBRAUNECK, Manfred
020 _a3499163020
040 _cBPK
041 0 _ager
044 _aDEU
080 _a811.112.2(03)
920 _a3-499-16302-0
942 _cKS
008 s gw f |000 0 ger
999 _c51017
_d51017
856 _uhttp://koha.tu.koszalin.pl/cgi-bin/koha/opac-detail.pl?biblionumber=51017
_yKatalog online BPK